000 00934cab a2200253 4500
001 ABS58546
008 090401t1998 xxu||||| |||| 00| 0 eng d
035 _a(Sirsi) u85989
041 _aeng
100 _aSands, D.
245 _aNew euro animates investment debate
260 _c1998
350 _a0
490 _aEuroProperty
_vApril 1998, 9(1)
520 _aReport from the RICS / ECSC conference on the impact of the euro on the European property market, suggests that there although a more transparent property market is likely to emerge in the euro zone there would still not be a single property market because of differences between markets.
650 _aEURO
650 _aEUROPE
650 _aPROPERTY MARKET
650 _aREAL ESTATE INVESTMENT MARKET
650 _aSINGLE MARKET
690 _aPROPERTY-COMMERCIAL PROPERTY-COMMERCIAL PROPERTY FINANCE AND INVESTMENT
942 _n0
948 _c05/05/1998
999 _c54102
_d54102